Reconstructing the Regional Economy : (Record no. 618004)

MARC details
000 -LEADER
fixed length control field 00526nam a2200193 a 4500
008 - FIXED-LENGTH DATA ELEMENTS--GENERAL INFORMATION
fixed length control field 260318s1998##################000#0#eng##
020 ## - INTERNATIONAL STANDARD BOOK NUMBER
ISBN 9781858986517
082 04 - DEWEY DECIMAL CLASSIFICATION NUMBER
Classification number 338.94373
Item number SMI
100 1# - MAIN ENTRY--AUTHOR NAME
Personal name Smith, Adrian,
245 10 - TITLE STATEMENT
Title Reconstructing the Regional Economy :
260 ## - PUBLICATION, DISTRIBUTION, ETC. (IMPRINT)
Name of publisher Edward Elgar Publishing,
Year of publication 1998.
300 ## - PHYSICAL DESCRIPTION
Number of Pages 464 pages
650 #0 - SUBJECT ADDED ENTRY--TOPICAL TERM
Topical Term Business & Economics.
942 ## - ADDED ENTRY ELEMENTS (KOHA)
Koha item type English Books
Holdings
Withdrawn status Lost status Damaged status Not for loan Home library Current library Shelving location Date acquired Full call number Accession Number Price effective from Koha item type
        Anna Centenary Library Anna Centenary Library 4TH FLOOR, A WING 18.03.2026 338.94373 SMI 359364 18.03.2026 English Books

Find us on the map